Invisible Musicians (Record no. 1337)

MARC details
000 -CABECERA
campo de control de longitud fija 00817nam a2200193 a 4500
001 - NÚMERO DE CONTROL
campo de control BRCA_1475
005 - FECHA Y HORA DE LA ÚLTIMA TRANSACCIÓN
campo de control 20190320203438.0
008 - DATOS DE LONGITUD FIJA--INFORMACIÓN GENERAL
campo de control de longitud fija 191105s1998----uk-a---###---#000-0#fre-d
050 #4 - SIGNATURA TOPOGRÁFICA DE LA BIBLIOTECA DEL CONGRESO
Número de clasificación ML482
Número de documento/Ítem .I58 1998
245 10 - MENCIÓN DE TÍTULO
Título Invisible Musicians
Mención de responsabilidad, etc. Autonamatia Musica Foundation.
260 ## - PUBLICACIÓN, DISTRIBUCIÓN, ETC.
Lugar de publicación, distribución, etc. Wissenbruch
Nombre del editor, distribuidor, etc. Renders
Fecha de publicación, distribución, etc. 1998
300 ## - DESCRIPCIÓN FÍSICA
Extensión 136 p.
Otras características físicas il. (algunas a color)
Dimensiones 30 cm.
Material acompañante/anejo invitación a la exposición (28x21)
500 ## - NOTA GENERAL
Nota general Catálogo de la exposición ´Músicos Invisibles´ realizada en el Museo Franz Mayer (Ciudad de México), 21 febrero - 18 mayo, 2003
500 ## - NOTA GENERAL
Nota general La biblioteca cuenta con 2 ejemplares
546 ## - NOTA DE LENGUA/LENGUAJE
Nota de lengua/lenguaje Texto en : francés, inglés y español
650 14 - PUNTO DE ACCESO ADICIONAL DE MATERIA--TÉRMINO DE MATERIA
Término de materia o nombre geográfico como elemento de entrada Instrumentos musicales
Subdivisión de forma Exposiciones
Subdivisión general Historia
9 (RLIN) 4824
650 14 - PUNTO DE ACCESO ADICIONAL DE MATERIA--TÉRMINO DE MATERIA
Término de materia o nombre geográfico como elemento de entrada Instrumentos musicales
Subdivisión de forma Exposiciones
Subdivisión general Manufactura
9 (RLIN) 4825
942 ## - ELEMENTOS DE PUNTO DE ACCESO ADICIONAL (KOHA)
Fuente del sistema de clasificación o colocación Library of Congress Classification
Tipo de ítem Koha Libros
Holdings
Estado de retiro Estado de pérdida Estado dañado No para préstamo Localización permanente Ubicación/localización actual Fecha de adquisición Total de préstamos Signatura topográfica completa Código de barras Fecha visto por última vez Precio válido a partir de Tipo de ítem Koha Código de colección
El ejemplar forma parte de la colección y puede ser consultado según las políticas vigentes.       Biblioteca del Museo Franz Mayer (Rogerio Casas-Alatriste) Biblioteca del Museo Franz Mayer (Rogerio Casas-Alatriste) 26/06/2008   ML482 .I58 1998 02006 22/03/2019 22/03/2019 Libros  
El ejemplar forma parte de la colección y puede ser consultado según las políticas vigentes.       Biblioteca del Museo Franz Mayer (Rogerio Casas-Alatriste) Biblioteca del Museo Franz Mayer (Rogerio Casas-Alatriste) 04/11/2010   ML482 .I58 1998 02007 22/03/2019 22/03/2019 Libros Acervo General